000 00908nam a22002177a 4500
003 0
005 20250822160031.0
008 250822b xxu||||| |||| 00| 0 eng d
020 _a978-0-19-831023-5
050 _aTR IB E 183
_b.H57 2015
245 _aHistory of the Americas, 1880–1987 :
_bIB diploma programme /
_cAlexis Mamaux, David M. Smith, Mark Rogers, Yvonne Berliner, Shannon, Leggett, & Matt Borgmann.
260 _aOxford, United Kingdom :
_bOxford University Press,
_c2015.
300 _aviii, 504 pages :
_bcolor illustrations ;
_c28 cm.
500 _aOxford IB Diploma Programme.
504 _aIncludes bibliographical references and index.
650 _aAmerica
_vHistory
_v19th century
_vTextbooks.
650 _aAmerica
_vHistory
_v20th century
_vTextbooks.
650 _aUnited States
_vHistory
_v1865–1921
_vTextbooks.
650 _aLatin America
_vHistory
_vTextbooks.
942 _2lcc
_cBK
999 _c367591
_d367591